• 首页
  • 本馆介绍
  • 公告通知
  • 最新文献
  • 馆藏检索
  • 电子资源
  • 读者导购
  • 参考咨询
  • 我的图书馆
  • 登录
  • 详细信息显示
  • 放入我的书架
  • 预约/预借图书
  • 作者相关作品
  • 分类相关作品
  • 丛书相关作品
  • 出版社相关作品

书目信息

  • 表格格式
  • 工作单格式
  • 卡片格式
题名:
全国出版发行机构手册
    
 
作者: 中国书刊发行业协会 编
分册:  
出版信息: 北京   龙门书局  1996.04
页数: 777页
开本: 32开
丛书名:
单 册:
中图分类: G239.2
科图分类:
主题词: 出版工作
电子资源:
ISBN: 7-80111-077-3
000 00620nam0 2200205 45
001 0106201568
005 20031219104050.6
010    @a7-80111-077-3@dCNY40.00
100    @a20010620d1996 km y0chiy0120 ea
101 0  @achi
105    @a g 000yy
200 1  @a全国出版发行机构手册@AQuan Guo Chu Ban Fa Xing Ji Gou Shou Ce@f中国书刊发行业协会编@FZhong Guo Shu Kan Fa Xing Ye Xie Hui Bian
205    @a修订本
210    @a北京@c龙门书局@d1996.04
215    @a777页@d32开
606 0  @a出版工作
690    @aG239.2@v4
701    @a中国书刊发行业协会@4编
801    @aCN@bTSTC@c20010620
905    @f1@b298537@dG239.2@e28=2
    
    全国出版发行机构手册/中国书刊发行业协会编.-修订本.-北京:龙门书局,1996.04
    777页;32开
    
    
    ISBN 7-80111-077-3:CNY40.00
    
●
相关链接 在E读中查询图书 在五车中查询图书 在当当中查询图书 在豆瓣中查询图书


正题名:全国出版发行机构手册     索取号:G239.2/28=2         预约/预借

序号 登录号 条形码 馆藏地/架位号 状态 备注
1 0298537   202985378   第一样本阅览室/ [索取号:G239.2/28=2] 在馆    
唐山师范学院图书馆 欢迎您!
大连网信软件有限公司© 版权所有